| 000 | 00483 #a2200193 #4500 | ||
|---|---|---|---|
| 001 | BNM000684 | ||
| 005 | 20130730112051.0 | ||
| 008 | amultilingüe | ||
| 040 | _aAR-C50180D0 | ||
| 082 |
_214 _a190 |
||
| 100 | _aDescartes, René | ||
| 245 |
_aDiscurso del método _cRené Descartes |
||
| 260 |
_aMadrid _bUniversidad de Puerto Rico _c1954 |
||
| 300 | _a237 p. | ||
| 650 |
_aFILOSOFIA MODERNA _9949 |
||
| 942 |
_2ddc _cLIBRO |
||
| 999 |
_c1481 _d1481 |
||